[Event "ICS rated blitz match"]
[Site "204.178.125.65"]
[Date "1999.08.07"]
[Round "?"]
[White "Hossa"]
[Black "brutus"]
[Result "1-0"]
[WhiteElo "2484"]
[BlackElo "2088"]
[PlyCount "77"]
[EventDate "1999.??.??"]

1. e4 e6 2. d4 d5 3. Nc3 Nf6 4. e5 Nfd7 5. f4 c5 6. Nf3 Nc6 7. Bb5 a6 8. Bxc6
bxc6 9. O-O cxd4 10. Nxd4 c5 11. Nde2 Bb7 12. Qd3 Qb6 13. Qg3 d4 14. Nb1 c4 15.
Kh1 h5 16. Rd1 h4 17. Qh3 Bc5 18. a4 O-O-O 19. Nd2 Bd5 20. Nf3 Nb8 21. a5 Qa7
22. Nfxd4 Nc6 23. Nxc6 Bxc6 24. Rd2 Rxd2 25. Bxd2 Rd8 26. Be1 Be3 27. Qxh4 Be4
28. Qg5 Qc5 29. Qxg7 Bg6 30. Qf6 Rd7 31. Qh8+ Kb7 32. b4 Qd5 33. b5 Rd8 34.
bxa6+ Kxa6 35. Qf6 Qe4 36. Qxd8 Qxc2 37. Qa8+ Kb5 38. Qb7+ Kc5 39. Bb4# {
brutus checkmated} 1-0

[Event "ICS rated blitz match"]
[Site "204.178.125.65"]
[Date "1999.08.07"]
[Round "?"]
[White "Hossa"]
[Black "Talmoves"]
[Result "1/2-1/2"]
[WhiteElo "2487"]
[BlackElo "2497"]
[Annotator "Fritz 5.32 (15s)"]
[PlyCount "114"]
[EventDate "1999.??.??"]

1. d4 1... Nf6 {Opening = E11 - 3.Nf3 Bb4 cf./vgl. A40; E00} 2. c4 e6 3. Nf3
Bb4+ 4. Bd2 Qe7 5. e3 O-O 6. Bd3 Bxd2+ 7. Nbxd2 d6 8. Qc2 e5 9. O-O Bg4 (9...
Re8 10. dxe5 dxe5 11. Ng5 h6 12. Nge4 Nbd7 13. Rfd1 Nxe4 14. Nxe4 Nc5 15. Nxc5
Qxc5 16. a3 Bg4 17. Rd2 a5 18. Bh7+ Kh8 19. Rd5 Qb6 20. Be4 c6 21. c5 Qc7 22.
Rd6 Red8 23. h3 Be6 24. Rad1 Rxd6 25. cxd6 Qb6 26. Rd2 Rd8 27. Bf5 Qb3 28. Qe4
f6 29. Qg4 Bxf5 30. Qxf5 Qf7 31. Qd3 Qe6 32. b4 axb4 33. axb4 33... Kg8 {
- Young,A-Littke,A/Philadelphia 1992/TD (33)}) 10. Ng5 {
Steigert den Druck auf den Bauern h7} 10... exd4 $16 (10... h6 $5 $142 {
ist interessant} 11. Nh7 11... Re8 $11) 11. Rae1 h6 12. exd4 Qd8 13. Nh7 Nxh7
14. Bxh7+ Kh8 15. Bf5 Bxf5 16. Qxf5 Nc6 17. d5 {Weiss erobert Raum} 17... Ne7
18. Qe4 Re8 19. Qf4 Kg8 20. Re3 Ng6 21. Qf3 Qh4 22. Rfe1 Rxe3 23. Qxe3 Kh7 24.
Qb3 Qd4 25. Nf3 Qb6 26. Qc2 Kg8 27. b3 Qa5 28. Re2 c6 29. Qf5 cxd5 30. cxd5 Rf8
31. a4 Qc3 32. Re3 Qc1+ 33. Re1 Qc3 34. Qe4 Rc8 35. b4 Qc4 36. Qf5 $15 (36. h3
Qxe4 37. Rxe4 37... Kf8 $11) 36... Rf8 $11 (36... Rc7 37. Re8+ Kh7 38. g3 Qxb4
39. Qh5 $17) 37. Qe4 Qxe4 38. Rxe4 Rc8 39. h4 Kf8 40. Nd4 Rc1+ 41. Kh2 Rd1 42.
Nb5 Rxd5 43. Nxa7 Rh5 44. g3 Rf5 45. f4 d5 46. Re1 d4 47. Rc1 Rd5 48. Rc7 d3
49. Nb5 (49. Rxb7 $4 {Weiss schlaegt einen vergifteten Bauern} 49... d2 50.
Rb8+ Ke7 51. Nc8+ 51... Ke8 $19) 49... d2 50. Nc3 50... d1=Q {Droht Matt: Rd2}
51. Nxd1 Rxd1 52. Rxb7 {Der Freibauer a4 fuehrt schnell zu Drohungen} 52... Ke8
53. a5 Ra1 54. Ra7 54... Rb1 $14 (54... Ra2+ $5 {sieht spielbar aus} 55. Kh3
55... Ra3 $11) 55. Rb7 $11 (55. a6 $5 {ist zu ueberlegen} 55... Ne7 56. Rb7 $14
) 55... Ra1 56. Ra7 56... Rb1 $14 (56... Ra2+ $5 {muss geprueft werden} 57. Kh3
57... Ra3 $11) 57. Rb7 $11 (57. a6 $5 {muss beachtet werden} 57... Ne7 58. Rb7
$14) 57... Ra1 1/2-1/2

[Event "ICS rated blitz match"]
[Site "204.178.125.65"]
[Date "1999.08.07"]
[Round "?"]
[White "Talmoves"]
[Black "Hossa"]
[Result "0-1"]
[WhiteElo "2497"]
[BlackElo "2487"]
[Annotator "Fritz 5.32 (15s)"]
[PlyCount "132"]
[EventDate "1999.??.??"]

1. c4 1... c6 {Opening = 2.c3 d5} 2. e4 d5 3. exd5 cxd5 4. d4 Nc6 5. cxd5 Qxd5
6. Nf3 e5 7. Nc3 Bb4 8. Bd2 Bxc3 9. Bxc3 exd4 10. Nxd4 Nf6 11. Nxc6 Qxc6 12.
Bxf6 Qxf6 13. Bb5+ Kf8 14. O-O 14... Be6 $146 (14... g6 15. Bc4 (15. Re1 Be6
16. Rc1 Rd8 17. Qe2 Bxa2 18. Rc3 Bd5 19. Bc4 Kg7 20. Bxd5 Rxd5 21. Rc7 Rhd8 22.
Rxb7 Rd2 23. Qf3 Qxf3 24. gxf3 R8d5 25. b4 Rb2 26. Re4 Rg5+ 27. Kf1 Rf5 28. Kg2
a5 29. f4 29... g5 {Ozsvath,A-Forintos,G/HUN-ch 1954/MCD/ - (50)}) (15. Qe2 Be6
16. Rfd1 Kg7 17. h3 Rhd8 18. b3 Rac8 19. Rxd8 Rxd8 20. Rd1 Rxd1+ 21. Qxd1 Qc3
22. Bf1 a5 23. Qd3 Qxd3 24. Bxd3 Kf6 25. Kf1 Ke5 26. Ke2 Kd4 27. Kd2 h6 28. h4
g5 29. hxg5 hxg5 30. g3 Bd5 31. Bc2 b5 32. Bd3 b4 33. Bc2 a4 34. Bd1 a3 35. Be2
35... Bxb3 {0-1 Erban,D-Pakosta,S/CZE 1997/EXT 98 (35)}) 15... Kg7 16. Qb3 Rd8
17. Rad1 Be6 18. Bxe6 Qxe6 19. Qxe6 fxe6 20. Rfe1 Kf6 21. Kf1 Rac8 22. Rxd8
Rxd8 23. Ke2 Rc8 24. Kd3 Rc5 25. Re4 Rg5 26. Rf4+ Ke7 27. g3 Rd5+ 28. Ke3 Rc5
29. Kd3 Ra5 30. a3 Rd5+ 31. Rd4 Rf5 32. f4 h5 33. Rc4 Rd5+ 34. Ke3 Kf6 35. Rc7
Rb5 36. b4 e5 37. fxe5+ {- Van Wijgerden,C-Glienke,M/Plovdiv 1983/EU-chT (37)})
15. Qd6+ Kg8 16. Rad1 a6 (16... Qxb2 $4 {
den sollte Schwarz lieber stehen lassen} 17. Qd8+ $3 {
ein kraftvolles Opfer, das die Partie entscheidet} 17... Rxd8 18. Rxd8#) 17.
Bd3 Bxa2 18. Be4 Qxd6 (18... Qxb2 $4 {der kann natuerlich nicht genommen werden
} 19. Qd8+ $3 {ein feines Opfer} 19... Rxd8 20. Rxd8#) 19. Rxd6 Rb8 20. Rfd1
$11 (20. Ra1 $5 20... Be6 21. Rb6 $14) 20... g5 21. Rd7 b6 22. Ra7 a5 23. Rdd7
Kg7 24. Kf1 (24. f3 24... Kf6 $17) 24... Rbc8 25. Ke2 Rhe8 26. Kf3 Rc5 27. h3
$19 (27. Rd4 $5 $17) 27... Rce5 (27... Rb5 $5 28. Bc6 Rb3+ 29. Kg4 Rxb2 30.
Rxf7+ Bxf7 31. Bxe8 Rxf2 32. Rb7 $19) 28. Bd3 h5 29. g4 (29. Kg3 $5 29... h4+
30. Kh2 30... Re1 $17) 29... h4 {Schwarz erlangt Initiative} 30. Kg2 Bb3 31. f3
Be6 32. Rdc7 $2 (32. Rd6 $5 $19 $142) 32... Rd8 33. Be4 Rd2+ 34. Kf1 Rb5 35.
Rc2 Rxc2 36. Bxc2 Rxb2 37. Be4 Bc4+ 38. Kg1 (38. Ke1 {
holt die Kuh nicht vom Eis} 38... Re2+ 39. Kd1 39... Rh2 $19) 38... Kf6 39. Rc7
b5 40. Rc5 Re2 (40... a4 $142 {und nichts geht mehr} 41. Rf5+ Ke6 42. Rxg5 $19)
41. Rf5+ Kg6 42. Bc6 Re3 (42... a4 43. Bxb5 Bxb5 44. Rxb5 $19) 43. Bxb5 Bxb5
44. Rxb5 Rxf3 45. Kg2 $2 (45. Rxa5 Rxh3 46. Ra4 $19) 45... Rg3+ 46. Kh2 a4 47.
Rb6+ f6 48. Ra6 a3 49. Ra8 Rc3 50. Kg2 Rc2+ 51. Kf3 Rh2 52. Rg8+ 52... Kf7 {
Mit der Mattdrohung Kxg8} 53. Rb8 (53. Ra8 {waere gleichermassen fruchtlos}
53... Rxh3+ 54. Kg2 Rg3+ 55. Kf2 55... Rc3 $19) 53... Rxh3+ 54. Kg2 Rg3+ 55.
Kh2 (55. Kf2 {hilft allerdings auch nicht} 55... Rxg4 56. Ra8 56... Rg3 $19)
55... Rxg4 56. Rb7+ Kg6 57. Ra7 Rg3 58. Ra8 g4 59. Rg8+ 59... Kf7 {
Droht Matt: Kxg8. Schwarz zwingt den Gegner mit starken Drohungen nieder} 60.
Ra8 Rd3 61. Ra7+ Ke6 62. Ra6+ Ke5 63. Ra5+ (63. Ra8 {holt die Kuh nicht vom Eis
} 63... Rd2+ 64. Kg1 64... a2 $19) 63... Ke4 64. Ra6 Rd2+ 65. Kh1 (65. Kg1 a2
66. Ra4+ Ke3 67. Ra3+ 67... Ke2 $19) 65... a2 {Mit der Mattdrohung Rd1} 66. Kg1
Rd1+ (66... Rd1+ 67. Kf2 a1=Q 68. Rxa1 Rxa1 69. Ke2 Ra2+ 70. Kd1 g3 71. Kc1 g2
72. Kb1 Re2 73. Kc1 g1=Q#) 0-1

[Event "ICS rated blitz match"]
[Site "204.178.125.65"]
[Date "1999.08.07"]
[Round "?"]
[White "Yugor"]
[Black "Hossa"]
[Result "0-1"]
[WhiteElo "2103"]
[BlackElo "2503"]
[PlyCount "134"]
[EventDate "1999.??.??"]

1. e4 c6 2. d4 d5 3. e5 Bf5 4. Nc3 e6 5. g4 Bg6 6. Nge2 c5 7. h4 Nc6 8. h5 Bxc2
9. Qxc2 cxd4 10. Nd1 Bb4+ 11. Bd2 Qa5 12. Nf4 Nxe5 13. Be2 Nf6 14. f3 O-O 15.
Bxb4 Qxb4+ 16. Qd2 Qxd2+ 17. Kxd2 Rad8 18. Nf2 Kh8 19. N2d3 Nc6 20. Rhc1 e5 21.
Ng2 Rd6 22. Nc5 Rb8 23. Bb5 a5 24. b3 Na7 25. Bd3 b5 26. Rc2 Nc6 27. Rac1 Rb6
28. Nh4 Rd8 29. a4 Nb4 30. Rb2 bxa4 31. bxa4 Kg8 32. Bb5 Rc8 33. Nb3 Rxc1 34.
Nxc1 g6 35. hxg6 fxg6 36. Nd3 Nxd3 37. Kxd3 Kg7 38. Rc2 Kh6 39. Rc6 Rxc6 40.
Bxc6 Kg5 41. Ng2 h6 42. Ke2 e4 43. fxe4 dxe4 44. Ne1 Kxg4 45. Nc2 d3+ 46. Kd2
dxc2 47. Kxc2 Kg3 48. Kd2 Kf2 49. Kc3 e3 50. Bb5 e2 51. Bxe2 Kxe2 52. Kc4 g5
53. Kb5 g4 54. Kxa5 Nd5 55. Kb5 Nc3+ 56. Kb4 Nxa4 57. Kxa4 h5 58. Kb4 h4 59.
Kc4 g3 60. Kd4 h3 61. Ke4 g2 62. Kf4 g1=Q 63. Kf5 Qe3 64. Kf6 h2 65. Kf5 Qe7
66. Kf4 h1=Q 67. Kf5 67... Qhe4# {Yugor checkmated} 0-1

[Event "ICS rated blitz match"]
[Site "204.178.125.65"]
[Date "1999.08.07"]
[Round "?"]
[White "Hossa"]
[Black "Secret"]
[Result "1-0"]
[WhiteElo "2506"]
[BlackElo "2525"]
[PlyCount "71"]
[EventDate "1999.??.??"]

1. d4 d5 2. c4 e5 3. dxe5 d4 4. Nf3 Nc6 5. Bf4 Bb4+ 6. Nbd2 Be6 7. e3 dxe3 8.
Bxe3 Bg4 9. Be2 Bxf3 10. Bxf3 Nxe5 11. Bxb7 Nd3+ 12. Ke2 Rb8 13. Bc6+ Kf8 14.
Ne4 Nxb2 15. Qc2 Ne7 16. Bb5 Ba3 17. Qc3 c6 18. Qxa3 cxb5 19. Qxb2 bxc4 20. Qc2
Qd5 21. Rad1 Qa5 22. Qxc4 h6 23. Bc5 Rb7 24. Rb1 Rd7 25. Rb8+ Qd8 26. Rxd8+
Rxd8 27. Nd6 Rxd6 28. Bxd6 Kg8 29. Bxe7 Kh7 30. Qe4+ g6 31. Bf6 Rb8 32. Qe7 Kg8
33. Rd1 a5 34. Rd8+ Rxd8 35. Qxd8+ Kh7 36. Qh8# {Secret checkmated} 1-0

[Event "ICS rated blitz match"]
[Site "204.178.125.65"]
[Date "1999.08.07"]
[Round "?"]
[White "Hossa"]
[Black "kickinnuts"]
[Result "1-0"]
[WhiteElo "2523"]
[BlackElo "2054"]
[PlyCount "111"]
[EventDate "1999.??.??"]

1. d4 Nf6 2. c4 e6 3. Nc3 Bb4 4. Bg5 h6 5. Bh4 Qe7 6. a3 Bxc3+ 7. bxc3 d6 8. f3
Nbd7 9. e4 g5 10. Bg3 e5 11. Ne2 Nh5 12. Rb1 O-O 13. Qd3 Nf4 14. Qc2 Nb6 15.
Rc1 f5 16. Nxf4 exf4 17. Bf2 fxe4 18. fxe4 Bf5 19. Bd3 Rae8 20. O-O Bxe4 21.
Rcd1 Bxd3 22. Qxd3 Qe4 23. Qh3 Qg6 24. Rb1 Nxc4 25. Rxb7 Nd2 26. Rd1 Ne4 27.
Qd3 Qh7 28. Rxa7 d5 29. c4 Nxf2 30. Qxh7+ Kxh7 31. Rxc7+ Kg6 32. Kxf2 dxc4 33.
Rxc4 Ra8 34. a4 Rfd8 35. d5 Rd6 36. Kf3 Re8 37. Re4 Red8 38. Re5 Ra8 39. Rd4
Ra5 40. Re6+ Kf5 41. Rxd6 Ke5 42. Rxh6 Kxd4 43. d6 Rd5 44. g3 fxg3 45. hxg3 Kc4
46. Ke4 Rd1 47. Kf5 Kb4 48. Kxg5 Kxa4 49. Kf5 Kb5 50. Ke6 Kc6 51. Ke7 Re1+ 52.
Re6 Rg1 53. d7+ Kb7 54. d8=Q Rxg3 55. Rb6+ Ka7 56. Qb8# {kickinnuts checkmated}
1-0

[Event "ICS rated blitz match"]
[Site "204.178.125.65"]
[Date "1999.08.07"]
[Round "?"]
[White "kickinnuts"]
[Black "Hossa"]
[Result "0-1"]
[WhiteElo "2052"]
[BlackElo "2525"]
[PlyCount "104"]
[EventDate "1999.??.??"]

1. e4 c6 2. Nf3 d5 3. Nc3 d4 4. Ne2 c5 5. d3 f6 6. g3 e5 7. Bg2 Bd6 8. O-O Ne7
9. Ne1 O-O 10. f4 Nbc6 11. f5 Qe8 12. g4 h5 13. Ng3 hxg4 14. Qxg4 Rf7 15. Bd2
Qd8 16. Rf2 Qb6 17. b3 a5 18. Bh6 Kf8 19. Bd2 a4 20. Nf3 axb3 21. cxb3 Nb4 22.
Nh5 Nxd3 23. Nxg7 Nxf2 24. Kxf2 Bd7 25. Bh6 Ng8 26. Ne6+ Ke7 27. Qh5 Nxh6 28.
Qxh6 Ra3 29. Nh4 Be8 30. Ng6+ Kd7 31. Nh8 Re7 32. Nf8+ Kc8 33. Qxf6 Qa6 34.
Nfg6 Bxg6 35. Nxg6 Re8 36. Qf7 Rxa2+ 37. Rxa2 Qxa2+ 38. Kg3 Rd8 39. Qe6+ Rd7
40. Qe8+ Kc7 41. f6 Qxb3+ 42. Bf3 Qf7 43. Qa8 Qxg6+ 44. Bg4 Rf7 45. Qa5+ Kc6
46. Qa4+ Kb6 47. Qb3+ Kc7 48. Qb5 Qxf6 49. Qa5+ Kb8 50. Qa2 Qf4+ 51. Kg2 Qxg4+
52. Kh1 52... Rf1# {kickinnuts checkmated} 0-1

[Event "ICS rated blitz match"]
[Site "204.178.125.65"]
[Date "1999.08.07"]
[Round "?"]
[White "Hossa"]
[Black "Yugor"]
[Result "1-0"]
[WhiteElo "2527"]
[BlackElo "2045"]
[PlyCount "125"]
[EventDate "1999.??.??"]

1. d4 d5 2. c4 e6 3. Nc3 Nf6 4. cxd5 exd5 5. Bg5 Be7 6. e3 O-O 7. Bd3 h6 8.
Bxf6 Bxf6 9. Qh5 c6 10. Nge2 Qd7 11. O-O Qg4 12. Qxg4 Bxg4 13. f3 Be6 14. Rad1
Nd7 15. e4 dxe4 16. fxe4 Nb6 17. b3 Rad8 18. Bc2 Bg4 19. Rf4 Bh5 20. Rf2 Bg5
21. Rd3 Bg6 22. Nf4 Bh7 23. g3 Rfe8 24. Rdd2 Rd7 25. a4 Rde7 26. h4 Bxf4 27.
Rxf4 g5 28. Rf6 Kg7 29. Rf1 gxh4 30. gxh4 f6 31. Rg2+ Kh8 32. Rxf6 Re6 33. Rxe6
Rxe6 34. e5 Bxc2 35. Rxc2 c5 36. dxc5 Nd7 37. Rd2 Nxc5 38. b4 Na6 39. Rd8+ Kg7
40. Rd7+ Kg6 41. Rxb7 Rxe5 42. b5 Nc5 43. Rxa7 Re3 44. Nd5 Re4 45. h5+ Kg5 46.
Rg7+ Kh4 47. a5 Re5 48. Nc7 Nd3 49. a6 Re1+ 50. Kh2 Ra1 51. b6 Nc5 52. a7 Ra2+
53. Kg1 Ra1+ 54. Kf2 Ra2+ 55. Ke3 Kxh5 56. a8=Q Rxa8 57. Nxa8 Kh4 58. b7 Nxb7
59. Rxb7 h5 60. Kf4 Kh3 61. Kf3 Kh4 62. Rb5 Kh3 63. Rxh5# {Yugor checkmated}
1-0

[Event "ICS rated blitz match"]
[Site "204.178.125.65"]
[Date "1999.08.07"]
[Round "?"]
[White "Talmoves"]
[Black "Hossa"]
[Result "0-1"]
[WhiteElo "2599"]
[BlackElo "2529"]
[Annotator "Fritz 5.32 (15s)"]
[PlyCount "164"]
[EventDate "1999.??.??"]

1. d4 1... Nf6 {Opening = A52 - 3.de5 Ng4} 2. c4 e5 3. dxe5 Ng4 4. Bf4 Bb4+ 5.
Nd2 Nc6 6. Ngf3 f6 (6... Bxd2+ 7. Qxd2 Qe7 8. Qc3 Qb4 9. Rc1 Qxc3+ 10. Rxc3 O-O
11. h3 Nh6 12. g4 d6 13. exd6 cxd6 14. Bxd6 Rd8 15. Bf4 Be6 16. Bg2 Rd7 17. O-O
f6 18. Bxh6 gxh6 19. b3 Rad8 20. Re3 Bf7 21. Nh4 {
Casas,F-Novoa,A/Mercedes 1975/EXT 99/1-0 (36)}) (6... d6 7. exd6 Qf6 8. e3 Qxb2
9. dxc7 Nce5 10. Rc1 Nxf3+ 11. gxf3 Nxf2 12. Kxf2 Qxd2+ 13. Qxd2 Bxd2 14. Rd1 {
1-0 Braun,C-Feistenauer,H/Goetzis 1996/EXT 99 (14)}) 7. exf6 $146 (7. e3 fxe5
8. Bg5 Be7 9. Bxe7 Qxe7 10. Bd3 Nf6 11. Ng5 d6 12. O-O Bd7 13. a3 O-O 14. b4
Nd8 15. Qc2 h6 16. Nh7 Nxh7 17. Bxh7+ Kh8 18. Be4 c6 19. f4 Nf7 20. Nf3 Rac8
21. Qd3 21... b5 {Askgaard,J-De la Rosa,D/Tjele 1995/EXT 99/ - (42)}) 7... O-O
8. a3 Bxd2+ 9. Bxd2 (9. Kxd2 $2 9... Nxf2 10. Qc2 10... Qxf6 $19) 9... Nxf6 10.
e3 Ne4 11. Bc1 Qe7 12. Qd5+ Rf7 13. Bd3 Nf6 14. Qb5 a6 15. Qb3 Ne5 16. Ng5 Rf8
17. O-O Nxd3 18. Qxd3 d6 19. Bd2 Qe5 20. f4 Qc5 (20... Qxb2 $4 {
Schwarz schlaegt einen vergifteten Bauern} 21. Rfb1 Qxa1 22. Rxa1 $18) 21. b4
Bf5 22. Qb3 Qc6 23. b5 {Weiss engt den Gegner ein} 23... Qe8 24. b6 c6 25. c5+
d5 26. Qb2 Qg6 27. Qa2 h6 28. Nf3 28... Be4 {Der Brueckenkopf e4} 29. Bc3 29...
Ng4 $14 (29... Bxf3 30. Rxf3 Ne4 31. Qc2 $14) 30. Ne5 30... Qh5 {Droht Matt}
31. Nxg4 Qxg4 32. Rad1 Rae8 33. Be5 {Der Laeufer steht aktiv} 33... Rf7 34. Rd4
Ree7 35. a4 Re8 36. Rf2 Qh4 37. Rxe4 $11 (37. a5 37... Ree7 $14) 37... dxe4 38.
Rf1 Qd8 39. Bd6 {d6, ein Paradefeld} 39... Qf6 40. Qc4 Qe6 41. Qxe6 {
Mit der Mattdrohung Qxe8} 41... Rxe6 42. Rd1 Rd7 43. Kf2 a5 44. Rd4 h5 45. g3
Kf7 46. Ke2 $15 (46. h3 46... Re8 $11) 46... Kg6 47. Be5 47... Rd5 $11 (47...
Rxd4 48. exd4 Kf5 49. Bxg7 $15) 48. Rc4 $15 (48. Rxe4 Rxc5 49. Rd4 49... Rd5
$11) 48... Re8 49. h3 $15 (49. Rxe4 Rxc5 50. Rd4 50... Rd5 $11) 49... Kf7 (
49... Kf5 50. Bc3 $15) 50. Rxe4 Rxc5 51. Rd4 Rd5 52. Rxd5 $17 (52. Rc4 $5 $11)
52... cxd5 53. Kd3 (53. Bc3 Re4 54. Bd4 54... g6 $15) 53... Re6 54. Bc3 54...
Rxb6 {Schwarz haelt das Heft fest in der Hand} 55. Kd4 Re6 56. Bd2 Re4+ 57.
Kxd5 Rxa4 58. g4 (58. Kc5 58... Re4 $19) 58... Ra2 59. Bc3 Rh2 60. gxh5 Rxh3
61. h6 (61. Kc4 {hilft auch nicht mehr} 61... Rxe3 62. Bxa5 Re4+ 63. Kb5 63...
Rxf4 $19) 61... Rxh6 62. e4 a4 63. Bb2 Rh2 64. Bc1 Rh1 65. Bb2 Rd1+ 66. Ke5 b5
67. Ba3 Rd3 68. Bb4 68... a3 {Es droht Matt} 69. Bxa3 Rxa3 70. Kd4 Rf3 71. Kc5
Ke6 72. Kxb5 (72. f5+ {aendert nichts mehr} 72... Ke5 $19) 72... Rxf4 73. Kc4
Rxe4+ 74. Kd3 Kd5 75. Kc3 g5 (75... Re3+ 76. Kb4 Rd3 77. Kb5 Rb3+ 78. Ka4 Kc4
79. Ka5 g5 80. Ka6 Kc5 81. Ka7 Kc6 82. Ka8 Kc7 83. Ka7 Ra3#) 76. Kd3 76... g4 {
Droht Matt} 77. Kc3 (77. Kd2 {waere gleichermassen fruchtlos} 77... Kc4 78. Kc2
Re2+ 79. Kd1 Kd3 80. Kc1 g3 81. Kd1 g2 82. Kc1 g1=Q#) 77... g3 78. Kc2 Kc4 79.
Kd2 g2 80. Kc2 g1=Q 81. Kb2 Re2+ 82. Ka3 Qa1# 0-1

[Event "ICS rated blitz match"]
[Site "204.178.125.65"]
[Date "1999.08.07"]
[Round "?"]
[White "DrHugoELO"]
[Black "Hossa"]
[Result "0-1"]
[WhiteElo "2148"]
[BlackElo "2548"]
[PlyCount "52"]
[EventDate "1999.??.??"]

1. d4 Nf6 2. Nc3 d5 3. Bg5 Bf5 4. Bxf6 exf6 5. e3 Bb4 6. Nge2 O-O 7. a3 Bxc3+
8. Nxc3 c6 9. Qf3 Bxc2 10. Rc1 Bg6 11. h4 Re8 12. h5 Be4 13. Nxe4 dxe4 14. Qg4
Qa5+ 15. Rc3 f5 16. Qg5 h6 17. Qf4 Qd5 18. Rh3 Qa2 19. Be2 Qxb2 20. Rc5 Nd7 21.
Rxf5 Qc3+ 22. Kd1 Qa1+ 23. Kd2 Qxa3 24. Rxf7 Qb2+ 25. Kd1 Qb3+ 26. Kd2 26...
Qxf7 {DrHugoELO resigns} 0-1

[Event "ICS Rated blitz match"]
[Site "204.178.125.65"]
[Date "1999.08.07"]
[Round "?"]
[White "Lundbotanmats"]
[Black "Hossa"]
[Result "0-1"]
[WhiteElo "2054"]
[BlackElo "2551"]
[PlyCount "116"]
[EventDate "1999.??.??"]

1. c4 c6 2. Nc3 d5 3. cxd5 cxd5 4. g3 d4 5. Nb1 e5 6. d3 Bb4+ 7. Bd2 Bxd2+ 8.
Nxd2 Qb6 9. Nc4 Qf6 10. Bg2 Ne7 11. Nf3 Nbc6 12. O-O Bg4 13. h3 Bxf3 14. Bxf3
O-O 15. Rc1 Qe6 16. Kh2 b5 17. Nd2 Rac8 18. b3 Nb4 19. a3 Rxc1 20. Qxc1 Rc8 21.
Qb2 Rc2 22. Qb1 Rxd2 23. axb4 f6 24. Rc1 Qd6 25. Rc5 Qd7 26. Kg2 Kh8 27. Qc1
Ra2 28. Rc7 Qd8 29. Rxe7 h6 30. Qc7 Qxc7 31. Rxc7 g6 32. Bd5 Rxe2 33. Kf3 Ra2
34. Rb7 a6 35. Rb6 Kg7 36. Rb7+ Kh8 37. Rf7 f5 38. Rf6 Kg7 39. Rb6 Rd2 40. Rxa6
Rxd3+ 41. Kg2 Rc3 42. Rb6 d3 43. Bf3 e4 44. Bd1 Rc1 45. Rxb5 Rxd1 46. Rd5 Rb1
47. b5 Rxb3 48. b6 Rxb6 49. h4 Kf6 50. Rd4 Ke5 51. Rd5+ Kxd5 52. g4 f4 53. h5
g5 54. Kg1 Rb1+ 55. Kg2 d2 56. Kh2 Rc1 57. Kg2 d1=Q 58. Kh2 58... Qh1# {
Lundbotanmats checkmated} 0-1

[Event "ICS rated blitz match"]
[Site "204.178.125.65"]
[Date "1999.08.07"]
[Round "?"]
[White "Hossa"]
[Black "PostModernist"]
[Result "0-1"]
[WhiteElo "2553"]
[BlackElo "2556"]
[PlyCount "95"]
[EventDate "1999.??.??"]

1. d4 Nf6 2. c4 g6 3. Nc3 Bg7 4. e4 d6 5. Bg5 O-O 6. Be2 Na6 7. Nf3 h6 8. Bh4
g5 9. Bg3 Nh5 10. Nd2 Nxg3 11. hxg3 e6 12. Nb3 Qf6 13. Rc1 c5 14. d5 Bd7 15.
Bh5 Nc7 16. Qd3 exd5 17. cxd5 b5 18. Qd2 b4 19. Nd1 Rfe8 20. f3 a5 21. Rc4 Bb5
22. Rc2 Qe5 23. Kf2 a4 24. Nc1 Qd4+ 25. Ne3 Qxd2+ 26. Rxd2 a3 27. b3 Bc3 28.
Rdd1 Bd4 29. Rxd4 cxd4 30. Nf5 Kf8 31. Nxd6 Re7 32. Nf5 Ree8 33. Nxd4 Bd7 34.
Nd3 Na6 35. Rc1 Rec8 36. Rxc8+ Rxc8 37. Ne5 Be8 38. Nc4 Nc5 39. Ke3 Nxb3 40.
axb3 a2 41. Bg4 Rxc4 42. bxc4 a1=Q 43. Ne2 b3 44. Bh3 Qa3 45. Kd4 Qb2+ 46. Ke3
Qc2 47. d6 b2 48. d7 {Hossa resigns} 0-1

[Event "ICS rated blitz match"]
[Site "204.178.125.65"]
[Date "1999.08.07"]
[Round "?"]
[White "Hossa"]
[Black "Njall"]
[Result "0-1"]
[WhiteElo "2537"]
[BlackElo "2291"]
[PlyCount "142"]
[EventDate "1999.??.??"]

1. e4 c6 2. d4 d5 3. Nc3 dxe4 4. Nxe4 Bf5 5. Ng3 Bg6 6. Nf3 Nd7 7. Be2 Qc7 8.
Nh4 e6 9. O-O Bd6 10. Nxg6 hxg6 11. c4 O-O-O 12. Re1 Ngf6 13. Bg5 e5 14. Bg4
exd4 15. Bxf6 gxf6 16. Qxd4 f5 17. Bh3 Nc5 18. Qf6 Ne6 19. Rad1 Nf4 20. Bxf5+
gxf5 21. c5 Bxc5 22. Qxf5+ Ne6 23. Rxd8+ Rxd8 24. Rxe6 fxe6 25. Qxc5 Qd6 26.
Qxd6 Rxd6 27. Nf1 Kd7 28. f3 Rd1 29. h4 Ke7 30. h5 Rb1 31. b3 Rb2 32. h6 Kf7
33. Ng3 Kg6 34. Ne4 Kxh6 35. Nc5 b6 36. Nxe6 Rxa2 37. b4 Rb2 38. Nd8 c5 39.
bxc5 bxc5 40. Nf7+ Kg7 41. Ne5 a5 42. g4 a4 43. Nc4 Rb4 44. Na3 c4 45. Kf1 c3
46. Ke2 Rb3 47. Nc2 a3 48. Kd3 a2 49. f4 Rb2 50. Na1 Rb1 51. Nc2 a1=Q 52. Nxa1
Rxa1 53. Kc2 Ra4 54. Kb3 Rxf4 55. Kxc3 Rxg4 56. Kd2 Kf6 57. Kc3 Ke5 58. Kd3
Rd4+ 59. Ke3 Rd7 60. Kf3 Ra7 61. Ke3 Ra3+ 62. Ke2 Kd4 63. Kf2 Ke4 64. Ke2 Ra2+
65. Kd1 Ke3 66. Kc1 Rh2 67. Kb1 Kd3 68. Kc1 Rg2 69. Kb1 Kc3 70. Ka1 Kb3 71. Kb1
71... Rg1# {Hossa checkmated} 0-1

[Event "ICS rated blitz match"]
[Site "204.178.125.65"]
[Date "1999.08.07"]
[Round "?"]
[White "Njall"]
[Black "Hossa"]
[Result "1/2-1/2"]
[WhiteElo "2317"]
[BlackElo "2511"]
[PlyCount "188"]
[EventDate "1999.??.??"]

1. d4 Nf6 2. c4 g6 3. Nc3 d5 4. e3 Bg7 5. Nf3 O-O 6. b3 dxc4 7. bxc4 c5 8. Be2
Nc6 9. O-O Ne8 10. Bb2 cxd4 11. exd4 Nxd4 12. Nxd4 Qxd4 13. Qb3 Nd6 14. Rad1
Qh4 15. c5 Nf5 16. Nd5 Nd4 17. Bxd4 Bxd4 18. g3 Qe4 19. Bf3 Qe5 20. Rfe1 Qg7
21. Nxe7+ Kh8 22. Nxc8 Raxc8 23. Qxb7 Bxc5 24. Rd7 Rcd8 25. Red1 Rxd7 26. Qxd7
Qb2 27. Qd2 Qxd2 28. Rxd2 Re8 29. Kg2 Re5 30. Bd5 Bb4 31. Rd4 Bc5 32. Rd2 f5
33. Bb3 Re7 34. h4 Kg7 35. Kf1 Bb4 36. Re2 a5 37. Rxe7+ Bxe7 38. Ke2 Kf6 39.
Kd3 Bc5 40. Ke2 Bd4 41. f4 h5 42. Kf3 Ke7 43. a4 Bc5 44. Bc4 Kf6 45. Bb5 Ba7
46. Bc6 Bb6 47. Bb5 Bd4 48. Bc6 Kf7 49. Bb5 Ke7 50. Bc4 Kf6 51. Bb5 Bc3 52. Bc6
Ke6 53. Bb5 Kf7 54. Bc4+ Ke7 55. Bb5 Bb4 56. Bc4 Bc5 57. Bb5 Kf6 58. Bc4 Bg1
59. Bb5 Ke7 60. Bc4 Bd4 61. Bb5 Kf7 62. Bc4+ Ke8 63. Bb5+ Kf8 64. Bc4 Ba7 65.
Bb5 Bb6 66. Bc4 Bd4 67. Bb5 Bg1 68. Bc4 Bb6 69. Bb5 Ke7 70. Bc4 Ke8 71. Bb5+
Kf7 72. Bc4+ Kg7 73. Bb5 Bc5 74. Bc4 Bg1 75. Bb5 Bd4 76. Bc4 Bg1 77. Bb5 Bd4
78. Bc4 Bc5 79. Bb5 Kf7 80. Bc4+ Ke8 81. Bb5+ Kf8 82. Bc4 Bg1 83. Bb5 Kg7 84.
Bc4 Bd4 85. Bb5 Ba7 86. Bc4 Kf6 87. Bb5 Kf7 88. Bc4+ Ke7 89. Bb5 Kd8 90. Bc4
Ke8 91. Bb5+ Kf8 92. Bc4 Bc5 93. Bb5 Bd4 94. Bc4 94... Ba7 {
Game drawn by the 50 move rule} 1/2-1/2

[Event "ICS rated blitz match"]
[Site "204.178.125.65"]
[Date "1999.08.07"]
[Round "?"]
[White "Njall"]
[Black "Hossa"]
[Result "0-1"]
[WhiteElo "2317"]
[BlackElo "2511"]
[PlyCount "108"]
[EventDate "1999.??.??"]

1. d4 Nf6 2. c4 g6 3. Nc3 d5 4. e3 Bg7 5. Nf3 O-O 6. Be2 dxc4 7. Bxc4 Bg4 8. h3
Bxf3 9. Qxf3 Nc6 10. Bd2 e5 11. dxe5 Nxe5 12. Qe2 Qd6 13. Rd1 Qc6 14. Bb3 Qxg2
15. Qf1 Qc6 16. f4 Nd3+ 17. Ke2 Nxb2 18. Rb1 Nh5 19. Qf3 Bxc3 20. Qxc6 bxc6 21.
Bxc3 Ng3+ 22. Kf3 Nxh1 23. Bxb2 Rfd8 24. Rxh1 a5 25. Bd4 Kf8 26. h4 Ke8 27. h5
f5 28. hxg6 hxg6 29. Rh7 a4 30. Bf7+ Kd7 31. Bxg6+ Ke6 32. Bf7+ Kd6 33. Be5+
Kc5 34. Bg6 Rd2 35. Bxf5 Rxa2 36. Rxc7 Rd2 37. Be4 Ra6 38. Bd4+ Kd6 39. Be5+
Kc5 40. f5 a3 41. f6 Rd8 42. Ba1 Kd6 43. Rb7 a2 44. f7 c5 45. Bd3 Raa8 46. Bc4
Ra4 47. Bb3 Raa8 48. e4 Kc6 49. Re7 Ra3 50. Re8 Rxb3+ 51. Kf4 Rb1 52. Bf6 Rf1+
53. Ke5 a1=Q+ 54. Ke6 54... Qxf6# {Njall checkmated} 0-1